|
|
|
|
| LEADER |
01160nam a2200277 a 4500 |
| 001 |
27047 |
| 008 |
130516s2004 nyu 000 0 eng d |
| 010 |
|
|
|a 2012020985
|
| 020 |
|
|
|a 0131115936
|
| 020 |
|
|
|a 0132314894
|
| 040 |
|
|
|a DLC
|c DLC
|d BD-DhAAL.
|
| 082 |
0 |
0 |
|a 428.3/4
|2 23
|
| 100 |
1 |
|
|a Numrich, Carol.
|
| 245 |
1 |
0 |
|a Consider the issues :
|b listening and critical thinking skills /
|c Carol Numrich, in cooperation with National Public Radio.
|
| 250 |
|
|
|a 3rd ed.
|
| 260 |
|
|
|a White Plains, NY :
|b Pearson Education,
|c 2004.
|
| 300 |
|
|
|a xiii, 174 p. :
|b ill.
|c 25 cm.
|
| 541 |
|
|
|e 27047
|
| 650 |
|
0 |
|a English language
|v Textbooks for foreign speakers.
|
| 650 |
|
0 |
|a Current events
|v Problems, exercises, etc.
|
| 650 |
|
0 |
|a Critical thinking
|v Problems, exercises, etc.
|
| 650 |
|
0 |
|a Listening
|v Problems, exercises, etc.
|
| 710 |
2 |
|
|a National Public Radio (U.S.)
|
| 852 |
1 |
|
|a Ayesha Abed Library
|j General shelf.
|
| 999 |
|
|
|c 13421
|d 13421
|
| 952 |
|
|
|0 0
|1 0
|2 ddc
|4 0
|6 428_340000000000000_NUM
|7 0
|9 22359
|a BRACUL
|b BRACUL
|c GEN
|d 2012-05-16
|e STS International
|g 3884.00
|l 0
|o 428.34 NUM
|p 3010027047
|r 2013-05-16
|t 1
|w 2012-05-16
|y BK
|x Transferred from BIL to BRACUL on 06/06/22
|